Europe's Busiest Airports - Statistics

General Stats
  • This quiz has been taken 107 times
  • The average score is 18 of 20
Answers on the Map
Answers color-coded by a green-red scale on the quiz's map according to % correct below.
 
Answer Stats
Country Flights Answer % Correct
Spain 60,220,984 Adolfo Suárez Madrid–Barajas Airport
100%
France 67,421,316 Charles De Gaulle Airport
100%
United Kingdom 79,151,723 Heathrow Airport
100%
France 32,294,167 Orly Airport
99%
Netherlands 61,889,586 Amsterdam Airport Schiphol
97%
Italy 40,545,240 Leonardo da Vinci–Fiumicino Airport
97%
Ireland 33,522,493 Dublin Airport
96%
Spain 49,909,544 Josep Tarradellas Barcelona–El Prat Airport
96%
Greece 28,174,150 Athens International Airport
92%
Germany 59,359,539 Frankfurt am Main Airport
92%
Germany 37,037,070 Munich Airport
92%
Portugal 33,649,000 Lisbon Airport
91%
United Kingdom 28,108,238 Manchester Airport
90%
Austria 29,533,186 Vienna International Airport
90%
United Kingdom 40,897,656 Gatwick Airport
87%
Switzerland 28,885,506 Zurich Airport
86%
Russia 36,600,000 Sheremetyevo International Airport
81%
United Kingdom 27,965,262 Stansted Airport
77%
Turkey 76,236,980 Istanbul Airport
74%
Spain 31,105,987 Palma de Mallorca Airport
51%
No matching quizzes found
Score Distribution
Percent of People with Each Score
Percentile by Number Answered
Your Score History
You have not taken this quiz